000 00808cad a22002175a 4500
001 L158737
008 121219e2015 xxk 000 0 eng d
035 _a(Sirsi) u158737
041 0 _aeng
100 1 _aSmith, Raymond
245 0 0 _aLook before you leap
_h[electronic resource]
260 _c2015
490 _aRICS Property Journal
_vJuly-August 2015, 14-15(2)
520 _aAdvises on the personal and professional challenges of moving to another country.
650 2 4 _aMANAGEMENT-BUSINESS MANAGEMENT-PROFESSIONAL PRACTICE
651 4 _aInternational
690 _aBusiness and management
710 _aRoyal Institution of Chartered Surveyors
_94900
856 4 0 _uhttps://www.rics.org/uk/news/journals/property-journal
_zView the journal free of charge at www.rics.org/journals...
942 _n0
999 _c84671
_d84671